Changing duty on commercial leases (Record no. 73186)
[ view plain ]
| 000 -LEADER | |
|---|---|
| fixed length control field | 01225cam a2200229 4500 |
| 001 - CONTROL NUMBER | |
| control field | ABS66939 |
| 008 - FIXED-LENGTH DATA ELEMENTS--GENERAL INFORMATION | |
| fixed length control field | 030808n2003 000 0 eng u |
| 035 ## - SYSTEM CONTROL NUMBER | |
| System control number | (Sirsi) u123234 |
| 100 ## - MAIN ENTRY--PERSONAL NAME | |
| Personal name | James, C. |
| 245 ## - TITLE STATEMENT | |
| Title | Changing duty on commercial leases |
| 260 ## - PUBLICATION, DISTRIBUTION, ETC. | |
| Date of publication, distribution, etc. | 2003 |
| 490 ## - SERIES STATEMENT | |
| Series statement | Journal of the Law Society of Scotland |
| Volume/sequential designation | 48(7) July 2003, 56-7(2) |
| 520 ## - SUMMARY, ETC. | |
| Summary, etc. | Government has proposed radical changes to the amount of stamp duty paid on leases with effect from 1 December 2003. Examines the changes that the Finance Bill will bring to the payment of stamp duty. The existing regime will be replaced by a one percent charge on the Net Present Value (NPV). The NPV equates to the total rent payable over the term, discounted at a rate of 3.5% per annum to reflect that payments due in the future are worth less than if they were payable instantly. Comments that the NPV is not an easy calculation with a number of variables to take into account. Table comparing the proposed stamp duty with the current one. |
| 590 ## - LOCAL NOTE (RLIN) | |
| Local note | ABS |
| 650 ## - SUBJECT ADDED ENTRY--TOPICAL TERM | |
| Topical term or geographic name entry element | STAMP DUTY |
| 650 ## - SUBJECT ADDED ENTRY--TOPICAL TERM | |
| Topical term or geographic name entry element | FINANCE BILL 2003 |
| 650 ## - SUBJECT ADDED ENTRY--TOPICAL TERM | |
| Topical term or geographic name entry element | NET PRESENT VALUE |
| 650 ## - SUBJECT ADDED ENTRY--TOPICAL TERM | |
| Topical term or geographic name entry element | COMMERCIAL LEASES |
| 650 ## - SUBJECT ADDED ENTRY--TOPICAL TERM | |
| Topical term or geographic name entry element | VALUE ADDED TAX |
| 690 ## - LOCAL SUBJECT ADDED ENTRY--TOPICAL TERM (OCLC, RLIN) | |
| Topical term or geographic name as entry element | TAXATION |
| 942 ## - ADDED ENTRY ELEMENTS (KOHA) | |
| Suppress in OPAC | 0 |
| Withdrawn status | Lost status | Source of classification or shelving scheme | Damaged status | Not for loan | Home library | Current library | Shelving location | Date acquired | Total Checkouts | Full call number | Barcode | Date last seen | Copy number | Price effective from | Koha item type |
|---|---|---|---|---|---|---|---|---|---|---|---|---|---|---|---|
| Dewey Decimal Classification | London | London | Journal article | 08/08/2003 | ABS66939 | 123234-1001 | 06/08/2019 | 1 | 06/08/2019 | Journal article |